Top 10 Countries with the Least Tourists - Statistics

General Stats
  • This quiz has been taken 316 times
  • The average score is 5 of 10
Answer Stats
Tourists Answer % Correct
1,100 Tuvalu
74%
6,000 Marshall Islands
66%
3,900 Kiribati
65%
12,000 Sao Tome and Principe
52%
14,000 Solomon Islands
52%
15,000 Comoros
45%
8,000 Turkmenistan
36%
4,000 Tajikistan
33%
7,000 Moldova
31%
14,000 Central African Republic
17%
No matching quizzes found
Score Distribution
Percent of People with Each Score
Percentile by Number Answered
Your Score History
You have not taken this quiz